I voted : making a choice makes a difference / Mark Shulman.
"...explains the concept of choosing, individually, and as a group, from making a simple choice: "Which do you like better, apples or oranges?", to selecting a class pet, to even more complicated decisions, like electing community representatives." -- amazon.com
Record details
- ISBN: 9780823445615
- ISBN: 0823445615
- Physical Description: 1 volume (unpaged) : color illustrations, color map ; 24 x 24 cm
- Edition: First edition.
- Publisher: New York : Holiday House, 2019.©2020
Content descriptions
| General Note: | "Neal Porter Books." |
| Bibliography, etc. Note: | Includes bibliographical references (page [40]). |
Search for related items by subject
| Genre: | Instructional and educational works. Picture books. |
Available copies
- 1 of 1 copy available at scottsboropl.
Holds
- 0 current holds with 1 total copy.
Show Only Available Copies
| Location | Call Number / Copy Notes | Barcode | Shelving Location | Status | Due Date |
|---|---|---|---|---|---|
| scottsboropl | J 324.6 Sch | 32269001144321 | Juvenile - NonFiction | Available | - |
| LDR | 01981nam a22004698i 4500 | ||
|---|---|---|---|
| 001 | 153509 | ||
| 003 | CONS | ||
| 005 | 20200214091036.0 | ||
| 008 | 190305t20192020nyuab j b 000 0 eng | ||
| 010 | . | ‡a 2019010713 | |
| 020 | . | ‡a9780823445615 ‡q(hardcover) | |
| 020 | . | ‡a0823445615 ‡q(hardcover) | |
| 035 | . | ‡a(CPomAG)LMN615985 | |
| 042 | . | ‡apcc | |
| 043 | . | ‡an-us--- | |
| 050 | 0 | 0. | ‡aJK1978 ‡b.S348 2020 |
| 082 | 0 | 0. | ‡a324.6 ‡223 |
| 100 | 1 | . | ‡aShulman, Mark, ‡d1962- ‡eauthor. |
| 245 | 1 | 0. | ‡aI voted : ‡bmaking a choice makes a difference / ‡cMark Shulman. |
| 250 | . | ‡aFirst edition. | |
| 264 | 1. | ‡aNew York : ‡bHoliday House, ‡c2019.©2020 | |
| 300 | . | ‡a1 volume (unpaged) : ‡bcolor illustrations, color map ; ‡c24 x 24 cm | |
| 336 | . | ‡atext ‡btxt ‡2rdacontent | |
| 336 | . | ‡astill image ‡bsti ‡2rdacontent | |
| 337 | . | ‡aunmediated ‡bn ‡2rdamedia | |
| 338 | . | ‡avolume ‡bnc ‡2rdacarrier | |
| 500 | . | ‡a"Neal Porter Books." | |
| 504 | . | ‡aIncludes bibliographical references (page [40]). | |
| 520 | . | ‡a"...explains the concept of choosing, individually, and as a group, from making a simple choice: "Which do you like better, apples or oranges?", to selecting a class pet, to even more complicated decisions, like electing community representatives." -- amazon.com | |
| 650 | 0. | ‡aVoting ‡zUnited States ‡vJuvenile literature. | |
| 650 | 0. | ‡aElections ‡zUnited States ‡vJuvenile literature. | |
| 650 | 0. | ‡aVoting ‡vJuvenile literature. | |
| 650 | 0. | ‡aElections ‡vJuvenile literature. | |
| 650 | 0. | ‡aCivics ‡vJuvenile literature. | |
| 650 | 0. | ‡aPolitics, Practical ‡vJuvenile literature. | |
| 651 | 0. | ‡aUnited States ‡xPolitics and government ‡vJuvenile literature. | |
| 655 | 7. | ‡aInstructional and educational works. ‡2lcgft | |
| 655 | 7. | ‡aPicture books. ‡2lcgft | |
| 700 | 1 | . | ‡aBloch, Serge, ‡eillustrator. |
| 914 | . | ‡aSCP_LP | |
| 959 | . | ‡i32269001144321 ‡lJ 324.6 Sch ‡aJuvenile - NonFiction ‡tHardback ‡g20.00 | |
| 852 | . | ‡p32269001144321 ‡jJ 324.6 Sch ‡gJuvenile - NonFiction ‡cHardback ‡y20.00 ‡bSBPL | |
| 901 | . | ‡a153509 ‡bUnknown ‡c153509 ‡tbiblio | |